Marketing & media decisions

Bibliographic Details
New Title:Mediaweek
Previous Title:Media decisions
Format: Electronic Journal
Language:English
Published: [New York], [Decisions Publications]
Subjects:
Online Access:Full text available from Research Library: 04/01/1990 to 11/30/1990

MARC

LEADER 00000nas a2200000 4500
001 ssj0001696
003 WaSeSS
005 20200512172242.0
006 m d
007 cr n
008 801010d19791990miumr p s 0 a0eng c
010 |a sc 82004084  
016 |a (AMICUS)000003180866 
022 |l 0195-4296  |y 0195-4296 
030 |a MEDEDM 
035 |a (WaSeSS)ssj0001696 
040 |a CLU  |b eng  |c CLU  |d PIT  |d DLC  |d NST  |d OCL  |d OCLCQ  |d CRU  |d OCLCQ  |d WAU  |d OCLCQ  |d OCLCF  |d OCLCO  |d OCLCQ  |d NLC  |d OKX  |d WaSeSS 
042 |a pcc 
050 1 4 |a HF5801  |b .M431 
245 0 0 |a Marketing & media decisions  |h [electronic resource]. 
246 1 |i Some issues have title:  |a M & MD 
246 3 |a Marketing and media decisions 
246 3 0 |a M and MD 
260 |a [New York],  |b [Decisions Publications] 
310 |a Monthly 
362 0 |a v. 14, no. 5-v. 25, no. 12; May 1979-Dec. 1990. 
506 |a License restrictions may limit access. 
650 0 |a Marketing  |v Periodicals. 
650 0 |a Advertising  |v Periodicals. 
650 7 |a Advertising.  |2 fast  |0 (OCoLC)fst00797511 
650 7 |a Marketing.  |2 fast  |0 (OCoLC)fst01010167 
655 0 |a Electronic journals. 
776 0 8 |i Print version:  |t Marketing & media decisions  |x 0195-4296  |w (DLC) 80640244  |w (OCoLC)4952413 
780 0 0 |t Media decisions  |x 0025-6900  |w (OCoLC)3800985 
785 0 0 |t Mediaweek  |x 1055-176X  |w (OCoLC)27593705 
850 |a AzU  |a CaMWU  |a InLP  |a KPT  |a NNC  |a NmU  |a TU 
856 4 0 |z Full text available from Research Library: 04/01/1990 to 11/30/1990  |u https://search.proquest.com/publication/2841